İstanbul'da Osmanlı dönemi Rum kiliseleri (Record no. 828)

MARC details
000 -BAŞLIK
Sabit Uzunlukta Kontrol Alanı 00679na a2200241 4500
001 - KONTROL NUMARASI
Denetim Alanı 17211
003 - KONTROL NUMARASI IDENTIFIER
Denetim Alanı MIRAKIL
005 - SON İŞLEM TARİHİ VE ZAMANI
Denetim Alanı 20181213154803.0
008 - SABİT-BOY VERİ ELEMANLARI - GENEL BİLGİLER
Sabit Uzunlukta Kontrol Alanı 161023b tu 000 0
020 ## - ULUSLARARASI STANDART KİTAP NUMARASI
Uluslararası Standart Kitap Numarası 9753630824
040 ## - KATALOGLAMA KAYNAK
Orijinal Kataloglama Ajansı Milas
Kataloglama Dili tur
Metne Dönüştürmek Ajansı TR-AnCHP
041 ## - DİL KODU
Metin / Ses Parça Veya Ayrı Başlığın Dil Kodu tur
082 ## - DEWEY ONLU SINIFLANDIRMA NUMARASI
Sınıflandırma Numarası 726.50956
Ürün Numarası K26i 1996
090 ## - SINIFLAMA NUMARASI
Sınıflama Numarası 726.50956 K26i 1996
100 ## - ANA GİRİŞ - KİŞİSEL İSİM
Kişisel Ad Karaca, Zafer
245 ## - BAŞLIK TABLOSU
Başlık İstanbul'da Osmanlı dönemi Rum kiliseleri
Sorumluluk Tablosu, Vb Zafer Karaca
260 ## - YAYIN, DAĞITIM, VB
Yayın, Dağıtım, Vb Yeri İstanbul
Yayıncı, Dağıtıcı, Vs Adı Yapı Kredi yayınları
Yayın, Dağıtım, Vb Tarihi 1996
300 ## - FİZİKSEL TANIM
Kapsam 360 s.
Diğer Fiziksel Ayrıntıları fotg.
Boyutlar 21 sm.
490 ## - SERİSİ TABLOSU
Seri Beyanı Sanat
Hacim / Ardışık Tanımı 7
650 ## - KONU KATMA GİRİŞ - TOPİKAL DÖNEM
Topikal Süreli Veya Coğrafi Ad Giriş Elemanı Kiliseler
Genel Alt Bölümü Tarih
Coğrafi Alt Bölümü Türkiye
-- İstanbul
651 ## - KONU KATMA GİRİŞ - COĞRAFİ ADI
Coğrafi İsim İstanbul (Türkiye)
Genel Alt Bölümü Yapılar
942 ## - EKLENDİ GİRİŞ ELEMANLARI (KOHA)
Sınıflandırma Veya Raf Düzeni Kaynak
Koha Öğesi Türü Books
999 ## - SİSTEM KONTROL NUMARALARI (KOHA)
Koha Biblionumber 828
Koha Biblioitemnumber 828
Holdings
Kalıcı Konum Mevcut Konum Edinme Tarihi Edinim Kaynak Seri Numaralandırma / Kronolojik Toplam Check-Out'Lar Tam Çağrı Numarası Barkod Tarih Son Görülme İtibaren Geçerli Fiyatlar Koha Öğesi Türü
CHP Kütüphanesi CHP Kütüphanesi 10/23/2016 Bağış c.8   726.50956 K26i 1996 007067 10/23/2016 10/23/2016 Books